Catálogo

INTRODUCCION A LAS COMPUTADORAS DIGITALES : (Registro nro. 7599)

Detalles MARC
000 -LEADER
fixed length control field 00536nam a2200169 a 4500
001 - CONTROL NUMBER
control field 7599
005 - DATE AND TIME OF LATEST TRANSACTION
control field 20180713191508.0
008 - FIXED-LENGTH DATA ELEMENTS--GENERAL INFORMATION
fixed length control field 140415s1970 000 0 spa d
041 ## - LANGUAGE CODE
Language code of text/sound track or separate title spa
082 ## - DEWEY DECIMAL CLASSIFICATION NUMBER
Classification number 001.64
Item number MAL
100 1# - MAIN ENTRY--PERSONAL NAME
Personal name MALEY, HERALD A.
245 10 - TITLE STATEMENT
Title INTRODUCCION A LAS COMPUTADORAS DIGITALES :
Remainder of title TECNICAS DE OPERACION DISEÑO LOGICO PROGRAMACION
260 ## - PUBLICATION, DISTRIBUTION, ETC.
Place of publication, distribution, etc. [s.l.] :
Name of publisher, distributor, etc. LIMUSA,
Date of publication, distribution, etc. 1970
300 ## - PHYSICAL DESCRIPTION
Extent 278
650 14 - SUBJECT ADDED ENTRY--TOPICAL TERM
Topical term or geographic name entry element COMPUTADORES
General subdivision COMPUTADORES ELECTRONICOS DIGITALES
700 1# - ADDED ENTRY--PERSONAL NAME
Personal name HEILWEIL, MELVIN F.
Relator term coaut.
Existencias
Withdrawn status Lost status Source of classification or shelving scheme Damaged status Not for loan Collection code Home library Current library Shelving location Date acquired Source of acquisition Inventory number Total Checkouts Full call number Barcode Date last seen Price effective from Koha item type
    Dewey Decimal Classification     General Biblioteca Karol Wojtyla Biblioteca Karol Wojtyla Sala general 03/12/2013 Compra 151000000000000000065175   '001.64 MAL 29500 05/01/2026 03/12/2013 Libro
Descarte   Dewey Decimal Classification       Biblioteca Karol Wojtyla Biblioteca Karol Wojtyla   03/12/2013 Compra     '001.64 MAL 20666   24/08/2016 Libro